Waste recovery and pollution control by recycling and reuse of waste water in pulp and paper industry (Record no. 20564)

000 -LEADER
fixed length control field 00415pab a2200145 454500
008 - FIXED-LENGTH DATA ELEMENTS--GENERAL INFORMATION
fixed length control field 180718b1991 xxu||||| |||| 00| 0 eng d
100 ## - MAIN ENTRY--PERSONAL NAME
Personal name Trivedi, V.N.
245 ## - TITLE STATEMENT
Title Waste recovery and pollution control by recycling and reuse of waste water in pulp and paper industry
260 ## - PUBLICATION, DISTRIBUTION, ETC.
Date of publication, distribution, etc. 1991
300 ## - PHYSICAL DESCRIPTION
Extent 41-5
362 ## - DATES OF PUBLICATION AND/OR SEQUENTIAL DESIGNATION
Dates of publication and/or sequential designation May
650 ## - SUBJECT ADDED ENTRY--TOPICAL TERM
Topical term or geographic name entry element Waste, Utilization of - India
773 ## - HOST ITEM ENTRY
Main entry heading Civic Affairs
909 ## -
-- 20564
Holdings
Withdrawn status Lost status Damaged status Not for loan Permanent Location Current Location Date acquired Serial Enumeration / chronology Barcode Date last seen Price effective from Koha item type
        Indian Institute of Public Administration Indian Institute of Public Administration 2018-07-19 Volume no: 38, Issue no: 10 AR20633 2018-07-19 2018-07-19 Articles

Powered by Koha